|
|
|
|
| LEADER |
00000nam0a2200000 4500 |
| 001 |
349663 |
| 005 |
20231102010226.0 |
| 035 |
|
|
|a (RuTPU)RU\TPU\retro\2416
|
| 090 |
|
|
|a 349663
|
| 100 |
|
|
|a 20180801f km y0rusy50 ca
|
| 101 |
0 |
|
|a rus
|
| 102 |
|
|
|a RU
|
| 105 |
|
|
|a a z 000zy
|
| 200 |
1 |
|
|a Опись инструмента _______колесного паровоза серии_______№________
|f Сибирская железная дорога, Служба подвижного состава и тяги
|
| 210 |
|
|
|a [Б. м.]
|c [Б. и.]
|d [Б. г.]
|
| 215 |
|
|
|a 32 с.
|c табл.
|
| 300 |
|
|
|a Текст в русской дореформенной орфографии
|
| 317 |
|
|
|5 63413507: КР-5638
|a Поступила в НТБ в 1970 г. в составе книжного собрания профессора ТПИ И. Н. Бутакова
|
| 606 |
1 |
|
|a Паровозы
|x Расчет и конструкция
|x Эксплуатация
|2 stltpush
|3 (RuTPU)RU\TPU\subj\48169
|9 67046
|
| 610 |
1 |
|
|a библиотека И. Н. Бутакова
|
| 610 |
1 |
|
|a инструменты
|
| 610 |
1 |
|
|a передача
|
| 610 |
1 |
|
|a правила
|
| 610 |
1 |
|
|a инвентарь
|
| 675 |
|
|
|a 629.422
|v 4
|
| 712 |
0 |
2 |
|a Сибирская железная дорога
|b Служба подвижного состава и тяги
|2 stltpush
|3 (RuTPU)RU\TPU\col\24417
|
| 801 |
|
1 |
|a RU
|b 63413507
|c 20180801
|
| 801 |
|
2 |
|a RU
|b 63413507
|c 20190927
|g RCR
|
| 942 |
|
|
|c BK
|